Mcfly Songs (Hard) - Statistics

General Stats
  • This quiz has been taken 148 times
    123 since last reset
  • The average score is 75 of 115
Answer Stats
Albums Song % Correct
Memory Lane Best Of Mcfly | Room On The 3rd Floor Five Colours in her hair
95%
All the Greatest Hits Five Colours In her Hair
95%
All the Greatest Hits | Memory Lane Best Of Mcfly | Room On The 3rd Floor Room On The 3rd Floor
95%
All the Greatest Hits | Memory Lane Best Of Mcfly | Room On The 3rd Floor Obviously
93%
Memory Lane Best Of Mcfly Obviously (Original 2003 Demo)
93%
All the Greatest Hits | Memory Lane Best Of Mcfly | Wonderland All About You
88%
All the Greatest Hits | Room On The 3rd Floor That Girl
87%
Memory Lane Best Of Mcfly That Girl (original 2003 Demo)
87%
Above The Noise Shine A Light
83%
Memory Lane Best Of Mcfly Shine A light
83%
All the Greatest Hits | Memory Lane Best Of Mcfly | Motion In The Ocean Star Girl
82%
All the Greatest Hits | Memory Lane Best Of Mcfly | Motion In The Ocean Transylvania
82%
Memory Lane Best Of Mcfly | Radio:Active Lies
80%
Memory Lane Best Of Mcfly Deluxe Edition | Room On The 3rd Floor Surfer Babe
80%
Room On The 3rd Floor Broccoli
79%
Above The Noise | Memory Lane Best Of Mcfly Party Girl
79%
Memory Lane Best Of Mcfly | Radio:Active One For The Radio
78%
Room On The 3rd Floor Saturday Night
78%
Memory Lane Best Of Mcfly | Wonderland I'll Be Ok
76%
All the Greatest Hits I'll Be OK
76%
All the Greatest Hits | Memory Lane Best Of Mcfly The Heart Never Lies
76%
Memory Lane Best Of Mcfly Deluxe Edition | Radio:Active POV
74%
Memory Lane Best Of Mcfly | Radio:Active Do Ya
71%
Above The Noise If U C Kate
71%
Memory Lane Best Of Mcfly | Memory Lane Best Of Mcfly Deluxe Edition | Wonderland Memory Lane
71%
Radio:Active Corrupted
70%
Memory Lane Best Of Mcfly | Motion In The Ocean Friday Night
70%
Room On The 3rd Floor Not Alone
70%
All the Greatest Hits | Memory Lane Best Of Mcfly Don't Stop Me Now
68%
Room On The 3rd Floor Hypnotised
68%
Wonderland Ultraviolet
68%
Motion In The Ocean Bubble Wrap
67%
Memory Lane Best Of Mcfly Deluxe Edition Bubblewrap
67%
Wonderland I Wanna Hold You
67%
Room On The 3rd Floor Down By The Lake
66%
Memory Lane Best Of Mcfly | Radio:Active Falling In Love
66%
Wonderland I've Got You
66%
Memory Lane Best Of Mcfly Love Is Easy
66%
All the Greatest Hits | Motion In The Ocean Please Please
66%
Wonderland The Ballad Of Paul K
66%
Radio:Active The Last Song
66%
Wonderland Too Close For Comfort
66%
Above The Noise I Need A Woman
63%
Memory Lane Best Of Mcfly Deluxe Edition | Motion In The Ocean Little Joanna
62%
Room On The 3rd Floor Met This Girl
62%
Memory Lane Best Of Mcfly Cherry Cola
61%
Radio:Active Down Goes Another One
61%
Radio:Active Everybody Knows
59%
Above The Noise I'll Be Your Man
59%
Motion In The Ocean Sorry's Not Good Enough
59%
Motion In The Ocean Walk In The Sun
59%
Wonderland She Falls Asleep Part1
58%
Wonderland She Falls Asleep Part2
58%
Room On The 3rd Floor She Left Me
58%
Room On The 3rd Floor Unsaid Things
58%
Above The Noise Foolish
57%
Motion In The Ocean Lonely
57%
Above The Noise That's The Truth
57%
Above The Noise End Of The World
55%
Above The Noise Nowhere Left To Run
55%
Radio:Active Smile
55%
Motion In The Ocean Home Is Where The Heart Is
54%
Radio:Active The End
54%
Above The Noise This Song
54%
Wonderland Don't Know Why
53%
Motion In The Ocean We Are The Young
53%
Radio:Active Going Through The Motions
50%
Above The Noise Take Me There
50%
Memory Lane Best Of Mcfly Do Watcha
47%
Memory Lane Best Of Mcfly Deluxe Edition No Worries
47%
Wonderland Nothing
46%
Memory Lane Best Of Mcfly Deluxe Edition Silence Is A Scary Sound
46%
Memory Lane Best Of Mcfly Deluxe Edition Lola
43%
Radio:Active Only The Strong Survive
43%
All the Greatest Hits Baby's Coming back
37%
Memory Lane Best Of Mcfly Deluxe Edition You've Got A Friend
37%
Memory Lane Best Of Mcfly Deluxe Edition Umbrella
36%
Memory Lane Best Of Mcfly Deluxe Edition Mr Brightside
34%
Memory Lane Best Of Mcfly Deluxe Edition The Guy Who Turned Her Down
33%
Memory Lane Best Of Mcfly Deluxe Edition Get Over You
32%
Memory Lane Best Of Mcfly Deluxe Edition Ignorance
32%
All the Greatest Hits The Way You Make Me Feel
32%
Memory Lane Best Of Mcfly Deluxe Edition Down Down
29%
Memory Lane Best Of Mcfly Deluxe Edition Sunny Side Of The Street
28%
Memory Lane Best Of Mcfly Deluxe Edition Rockin Robin
26%
Memory Lane Best Of Mcfly Deluxe Edition She Loves You
26%
All the Greatest Hits Don't Wake Me Up
25%
Memory Lane Best Of Mcfly Deluxe Edition Mess Around You
24%
No matching quizzes found
Score Distribution
Percent of People with Each Score
Percentile by Number Answered
Your Score History
You have not taken this quiz since the last reset